| 000 | 01578nam a22004097a 4500 | ||
|---|---|---|---|
| 003 | CHAP | ||
| 005 | 20220329143218.0 | ||
| 008 | 070309d2007 mx r 00110 spa d | ||
| 010 | _a93378 | ||
| 011 | _a94350 | ||
| 035 | _a104938 | ||
| 040 | _cCHAP | ||
| 090 | _aTesis | ||
| 100 | 1 |
_aCruz Fuentes, Salvador _929377 |
|
| 245 | 1 | 0 |
_aEstimación de la fluctuación de poblaciones de adultos de Dendroctonus mexicanus Hopkins (Coleoptera : Scolytinae) mediante trampeo con feromonas de agregación _c/por Salvador Cruz Fuentes |
| 260 |
_aChapingo, Méx. : _bEl autor, _c2007. |
||
| 300 |
_a65 h. : _bilus.; cuadros. |
||
| 502 | _aTesis (Ing. en Restauración Forestal) - - UACH. División de Ciencias Forestales | ||
| 530 | _aTambién disponible en línea | ||
| 590 |
_aALEPH _b10 _c20130110 _lUCH01 _h1517 |
||
| 590 |
_aBATCH-UPD _b10 _c20130110 _lUCH01 _h0747 |
||
| 590 |
_aBATCH-UPD _b10 _c20130410 _lUCH01 _h0428 |
||
| 590 |
_aBATCH-UPD _b10 _c20130914 _lUCH01 _h1007 |
||
| 590 |
_aBATCH-UPD _b10 _c20140324 _lUCH01 _h1501 |
||
| 590 |
_aBATCH-UPD _b10 _c20141002 _lUCH01 _h0833 |
||
| 590 |
_aCONVERSION _b10 _c20130109 _lUCH01 _h1352 |
||
| 650 | 1 | 4 |
_aColeópteros. _925123 |
| 650 | 1 | 4 |
_aDendroctonus adjunctus. _931771 |
| 650 | 1 | 4 |
_aDendroctonus mexicanus. _931777 |
| 650 | 1 | 4 |
_aFeromonas. _940358 |
| 856 |
_3Finding aid _uhttp://10.13.5.2/tesis/104938.pdf _zTeclea aqui |
||
| 901 | _aBK | ||
| 905 | _aElisama A. H. | ||
| 942 | _cFOLL | ||
| 949 |
_aTesis _bBC _cTES _d33724002019058 _eTS1 _h46423 _i104938 _sb |
||
| 949 |
_aTesis _bBC _cTES _d33724002019090 _eTS2 _fc.2 _h46424 _i104938 _si |
||
| 999 |
_c93378 _d93378 |
||